[Event "HUN-chT2 Barcza 1819"]
[Site "Hungary"]
[Date "2018.10.28"]
[Round "3.5"]
[White "Hidegh, Gabor"]
[Black "Pozsonyi, Istvan"]
[Result "1/2-1/2"]
[WhiteElo "2107"]
[BlackElo "1933"]
[PlyCount "24"]
[EventDate "2018.09.23"]
[EventType "team-tourn"]
[EventRounds "11"]
[EventCountry "HUN"]
[SourceTitle "CBM 189 Extra"]
[Source "ChessBase"]
[SourceDate "2019.06.03"]
[SourceVersion "1"]
[SourceVersionDate "2019.06.03"]
[SourceQuality "1"]
[WhiteTeam "Nyiregyhaza SISE"]
[BlackTeam "Nyiregyhaza"]
[WhiteTeamCountry "HUN"]
[BlackTeamCountry "HUN"]

1. d4 g6 2. Nf3 Bg7 3. Bf4 d6 4. c3 Nd7 5. e3 e5 6. Bg3 Nh6 7. Bh4 f6 8. dxe5 dxe5 9. Bc4 Qe7 10. Na3 a6 11. 0-0 Nb6 12. Bb3 Nf5 1/2-1/2

[Event "HUN-chT2 Barcza 1819"]
[Site "Hungary"]
[Date "2018.10.07"]
[Round "2.8"]
[White "Zabiak, Jozsef"]
[Black "Pozsonyi, Istvan"]
[Result "1-0"]
[WhiteElo "2148"]
[BlackElo "1933"]
[PlyCount "56"]
[EventDate "2018.09.23"]
[EventType "team-tourn"]
[EventRounds "11"]
[EventCountry "HUN"]
[SourceTitle "CBM 189 Extra"]
[Source "ChessBase"]
[SourceDate "2019.06.03"]
[SourceVersion "1"]
[SourceVersionDate "2019.06.03"]
[SourceQuality "1"]
[WhiteTeam "Szirmabesenyo"]
[BlackTeam "Nyiregyhaza"]
[WhiteTeamCountry "HUN"]
[BlackTeamCountry "HUN"]

1. e4 c5 2. Nf3 e6 3. Bc4 Nc6 4. 0-0 d6 5. c3 Nf6 6. Re1 Be7 7. d4 0-0 8. Qe2 cxd4 9. cxd4 Nxe4 10. Qxe4 d5 11. Bxd5 exd5 12. Qd3 Bf6 13. a3 Be6 14. Nc3 Rc8 15. h3 h6 16. Ne2 Qd7 17. Ng3 Be7 18. Ne5 Nxe5 19. dxe5 Rfd8 20. Nh5 Kh8 21. Qg3 Rg8 22. Be3 Rc4 23. Rad1 Qa4 24. Nf4 d4 25. Bd2 Rc2 26. Nxe6 fxe6 27. Qg6 Rxb2 28. Bxh6 Qe8 1-0

[Event "Balaton op 32nd"]
[Site "Balatonboglar"]
[Date "2014.06.22"]
[Round "9"]
[White "Pozsonyi, Istvan"]
[Black "Metaxasz, Vaszilisz"]
[Result "0-1"]
[WhiteElo "2016"]
[BlackElo "2062"]
[PlyCount "72"]
[EventDate "2014.06.14"]
[EventType "swiss"]
[EventRounds "9"]
[EventCountry "HUN"]
[SourceTitle "EXT 2015"]
[Source "ChessBase"]
[SourceDate "2014.11.20"]
[SourceVersion "1"]
[SourceVersionDate "2014.11.20"]
[SourceQuality "1"]

1. c4 c5 2. g3 Nc6 3. Bg2 g6 4. Nc3 Bg7 5. a3 d6 6. Nf3 e5 7. 0-0 Nge7 8. d3 0-0 9. Rb1 a5 10. Ne1 Be6 11. Nd5 Rb8 12. Nc2 b6 13. Bd2 Nd4 14. Nce3 Ndf5 15. b4 axb4 16. axb4 Nxe3 17. Bxe3 Nxd5 18. cxd5 Bf5 19. Qb3 Qc7 20. Rfc1 Rfc8 21. Bd2 Bd7 22. b5 Ra8 23. Ra1 Qb7 24. e4 Rxa1 25. Rxa1 Ra8 26. Ra4 Qc8 27. Qa3 Rb8 28. Ra7 Qe8 29. Rc7 Bxb5 30. Bh3 Ra8 31. Ra7 Rxa7 32. Qxa7 Bxd3 33. Qxb6 Qa4 34. Qb8+ Bf8 35. Bh6 Qd1+ 36. Kg2 Bf1+ 0-1

[Event "HUN-chT2 Barcza 1314"]
[Site "Hungary"]
[Date "2014.04.27"]
[Round "11"]
[White "Pozsonyi, Istvan"]
[Black "Csorsz, Ferenc"]
[Result "1-0"]
[WhiteElo "1981"]
[BlackElo "2062"]
[PlyCount "104"]
[EventDate "2013.09.08"]
[EventType "team-tourn"]
[EventRounds "11"]
[EventCountry "HUN"]
[SourceTitle "EXT 2016"]
[Source "ChessBase"]
[SourceDate "2015.10.08"]
[SourceVersion "1"]
[SourceVersionDate "2015.10.08"]
[SourceQuality "1"]
[WhiteTeam "Nyiregyhaza"]
[BlackTeam "Nyiregyhaza SISE"]
[WhiteTeamCountry "HUN"]
[BlackTeamCountry "HUN"]

1. c4 e5 2. g3 Nf6 3. Bg2 d5 4. cxd5 Nxd5 5. Nc3 Nb6 6. Nf3 Nc6 7. a3 a5 8. 0-0 Be7 9. d3 0-0 10. Be3 Be6 11. Na4 Nd5 12. Bc5 b5 13. Bxe7 Qxe7 14. Rc1 Nd4 15. Nc5 Nxf3+ 16. Bxf3 Rac8 17. Qc2 c6 18. Nxe6 Qxe6 19. Qc5 f5 20. h3 h5 21. Bxh5 Nf6 22. Bf3 e4 23. Bg2 Rfd8 24. Rfd1 Rd5 25. Qa7 a4 26. dxe4 fxe4 27. Qe3 Rcd8 28. Rxd5 cxd5 29. Qd4 Rc8 30. Rc5 Rxc5 31. Qxc5 Qe5 32. Qxb5 e3 33. f4 Qd4 34. Qd3 Qc5 35. Qc3 Qb6 36. Qc8+ Kf7 37. Qf5 g6 38. Bxd5+ Kg7 39. Qe5 Qc5 40. Bf3 Qc1+ 41. Kg2 Kf7 42. g4 Qd2 43. g5 Nh5 44. Bd5+ Kf8 45. Qd6+ Ke8 46. Qxg6+ Kd7 47. Qc6+ Kd8 48. Qd6+ Kc8 49. Be6+ Kb7 50. Qb4+ Kc7 51. Bg4 Qd5+ 52. Bf3 Qf7 1-0

[Event "HUN-chT2 Barcza 1314"]
[Site "Hungary"]
[Date "2014.04.13"]
[Round "10"]
[White "Kun, Imre"]
[Black "Pozsonyi, Istvan"]
[Result "1-0"]
[WhiteElo "1940"]
[BlackElo "1981"]
[PlyCount "69"]
[EventDate "2013.09.08"]
[EventType "team-tourn"]
[EventRounds "11"]
[EventCountry "HUN"]
[SourceTitle "EXT 2016"]
[Source "ChessBase"]
[SourceDate "2015.10.08"]
[SourceVersion "1"]
[SourceVersionDate "2015.10.08"]
[SourceQuality "1"]
[WhiteTeam "Nadudvar"]
[BlackTeam "Nyiregyhaza"]
[WhiteTeamCountry "HUN"]
[BlackTeamCountry "HUN"]

1. c4 e5 2. Nc3 Bb4 3. e3 Nf6 4. a3 Bxc3 5. bxc3 0-0 6. d4 exd4 7. cxd4 d5 8. Nf3 c5 9. dxc5 Qa5+ 10. Bd2 Qxc5 11. Bb4 Qb6 12. Bxf8 Kxf8 13. Qb1 Qe6 14. Be2 dxc4 15. Qb4+ Kg8 16. Bxc4 Qe8 17. Ng5 Nc6 18. Qb3 Qe5 19. Bxf7+ Kh8 20. Be6 Bxe6 21. Qxe6 Qxa1+ 22. Ke2 Qb2+ 23. Kf3 Rf8 24. Qd6 Qxf2+ 25. Kxf2 Ne4+ 26. Ke2 Rf2+ 27. Ke1 Nxd6 28. Kxf2 h6 29. Rd1 Nc4 30. Ne6 Nxa3 31. Rd7 b5 32. Rc7 b4 33. Rxc6 b3 34. Rc8+ Kh7 35. Rb8 1-0

[Event "HUN-chT2 Barcza 1314"]
[Site "Hungary"]
[Date "2013.11.03"]
[Round "4"]
[White "Pozsonyi, Istvan"]
[Black "Duzs, Jozsef"]
[Result "1/2-1/2"]
[WhiteElo "1981"]
[BlackElo "2030"]
[PlyCount "21"]
[EventDate "2013.09.08"]
[EventType "team-tourn"]
[EventRounds "11"]
[EventCountry "HUN"]
[SourceTitle "EXT 2016"]
[Source "ChessBase"]
[SourceDate "2015.10.08"]
[SourceVersion "1"]
[SourceVersionDate "2015.10.08"]
[SourceQuality "1"]
[WhiteTeam "Nyiregyhaza"]
[BlackTeam "Edeleny"]
[WhiteTeamCountry "HUN"]
[BlackTeamCountry "HUN"]

1. c4 e6 2. Nc3 d5 3. cxd5 exd5 4. d4 Nf6 5. Bg5 c6 6. e3 Bd6 7. Bd3 Nbd7 8. Qc2 0-0 9. Nge2 h6 10. Bh4 Re8 11. 0-0 1/2-1/2

[Event "HUN-chT2 Barcza 1112 "]
[Site "Hungary"]
[Date "2012.05.20"]
[Round "11"]
[White "Pozsonyi, Istvan"]
[Black "Kanyadi, Zoltan"]
[Result "0-1"]
[WhiteElo "2040"]
[BlackElo "2109"]
[PlyCount "54"]
[EventDate "2011.09.25"]
[EventType "team-tourn"]
[EventRounds "11"]
[EventCountry "HUN"]
[SourceTitle "EXT 2013"]
[Source "ChessBase"]
[SourceDate "2012.11.22"]
[SourceVersion "1"]
[SourceVersionDate "2012.11.22"]
[SourceQuality "1"]
[WhiteTeam "Piremon"]
[BlackTeam "Debrecen Sakkbaratok"]
[WhiteTeamCountry "HUN"]
[BlackTeamCountry "HUN"]

1. d4 Nf6 2. c4 g6 3. f3 d5 4. cxd5 Nxd5 5. e4 Nb6 6. Be3 Bg7 7. Nc3 0-0 8. Qd2 e5 9. d5 c6 10. Bd3 cxd5 11. Bxb6 Qxb6 12. Nxd5 Qd8 13. Ne2 Be6 14. Nec3 Nc6 15. Bc4 Rc8 16. 0-0 Nd4 17. Bb3 b5 18. Qd3 Rc5 19. Bd1 f5 20. b4 Bxd5 21. Nxd5 fxe4 22. fxe4 Rxf1+ 23. Qxf1 Rc8 24. Bb3 Kh8 25. Qf7 Qg5 26. Rf1 Rf8 27. Qxa7 Ne2+ 0-1

[Event "HUN-chT2 Barcza 1112 "]
[Site "Hungary"]
[Date "2012.01.29"]
[Round "5"]
[White "Pozsonyi, Istvan"]
[Black "Somorai, Zsolt"]
[Result "0-1"]
[WhiteElo "2040"]
[BlackElo "2126"]
[PlyCount "140"]
[EventDate "2011.09.25"]
[EventType "team-tourn"]
[EventRounds "11"]
[EventCountry "HUN"]
[SourceTitle "EXT 2013"]
[Source "ChessBase"]
[SourceDate "2012.11.22"]
[SourceVersion "1"]
[SourceVersionDate "2012.11.22"]
[SourceQuality "1"]
[WhiteTeam "Piremon"]
[BlackTeam "Balkany"]
[WhiteTeamCountry "HUN"]
[BlackTeamCountry "HUN"]

1. e4 e5 2. Nf3 d6 3. d4 Nd7 4. Bc4 Be7 5. 0-0 Ngf6 6. Nc3 0-0 7. h3 c6 8. a4 b6 9. Qe2 Bb7 10. Rd1 Qc7 11. b3 Rfe8 12. Bxf7+ Kxf7 13. Ng5+ Kg8 14. Qc4+ d5 15. exd5 Ba6 16. Nb5 Bxb5 17. axb5 Nxd5 18. bxc6 N7f6 19. Bb2 b5 20. Qxb5 Rab8 21. Qd3 Qxc6 22. dxe5 Nf4 23. Qf3 Qxf3 24. Nxf3 Ne4 25. Re1 Nc5 26. Rxa7 Nce6 27. Rd1 Bc5 28. Ra6 Ra8 29. Rxa8 Rxa8 30. Rd2 Ra2 31. Bc3 Ba3 32. Ne1 Bc1 33. Rd1 Ne2+ 34. Kf1 Nxc3 35. Rxc1 Nd4 36. Nd3 Nde2 37. Re1 Rxc2 38. b4 Rd2 39. Nc5 Kf8 40. b5 Rb2 41. b6 Ke7 42. b7 Nd4 43. e6 Nc6 44. Rc1 Ne2 45. Re1 Ned4 46. g4 Rb5 47. Rc1 Kd6 48. Kg2 Nb8 49. Re1 Nbc6 50. f4 Rb2+ 51. Kg3 Ne2+ 52. Kf3 Ncd4+ 53. Ke4 Rb4 54. Kd3 Nxf4+ 55. Kc3 Nd5+ 56. Kd3 Kxc5 57. e7 Rb3+ 58. Ke4 Nf6+ 59. Kf4 Rxb7 60. e8Q Nxe8 61. Rxe8 Rf7+ 62. Kg5 Rf6 63. Kh4 Nf3+ 64. Kg3 Kd6 65. Rg8 Rf7 66. Rh8 Ng5 67. Re8 Rf3+ 68. Kh4 h6 69. Kh5 Rxh3+ 70. Kg6 Ne6 0-1

[Event "HUN-chT2 Barcza 1112 "]
[Site "Hungary"]
[Date "2011.10.30"]
[Round "2"]
[White "Timar, Jozsef"]
[Black "Pozsonyi, Istvan"]
[Result "0-1"]
[WhiteElo "1966"]
[BlackElo "2040"]
[PlyCount "74"]
[EventDate "2011.09.25"]
[EventType "team-tourn"]
[EventRounds "11"]
[EventCountry "HUN"]
[SourceTitle "EXT 2013"]
[Source "ChessBase"]
[SourceDate "2012.11.22"]
[SourceVersion "1"]
[SourceVersionDate "2012.11.22"]
[SourceQuality "1"]
[WhiteTeam "Debrecen Betu"]
[BlackTeam "Piremon"]
[WhiteTeamCountry "HUN"]
[BlackTeamCountry "HUN"]

1. e4 c5 2. Nf3 Nc6 3. d4 cxd4 4. Nxd4 Nf6 5. Nc3 d6 6. Be3 e6 7. f3 Be7 8. Qd2 a6 9. Be2 0-0 10. 0-0-0 Nd7 11. g4 Nde5 12. h4 Nxd4 13. Bxd4 Nc6 14. Be3 b5 15. g5 Qa5 16. a3 b4 17. Nb1 Bd7 18. h5 f5 19. exf5 Rxf5 20. f4 bxa3 21. Qxa5 axb2+ 22. Kxb2 Rxa5 23. Bd2 Rb8+ 24. Kc3 Rc5+ 25. Kd3 e5 26. c3 Bf5+ 27. Ke3 exf4+ 28. Kf2 Bxg5 29. Bxa6 Rb2 30. Na3 Ne5 31. Be2 h6 32. Bc1 Rxe2+ 33. Kxe2 Bg4+ 34. Ke1 Bxd1 35. Kxd1 Rxc3 36. Nb5 Rb3 37. Ke2 Rxb5 0-1

[Event "HUN-chT2 Barcza 1011"]
[Site "Hungary"]
[Date "2011.04.17"]
[Round "9.3"]
[White "Nagy, Kalman"]
[Black "Pozsonyi, Istvan"]
[Result "1/2-1/2"]
[WhiteElo "2099"]
[BlackElo "2029"]
[PlyCount "102"]
[EventDate "2010.09.12"]
[EventType "team-tourn"]
[EventRounds "11"]
[EventCountry "HUN"]
[SourceTitle "EXT 2012"]
[Source "ChessBase"]
[SourceDate "2011.11.24"]
[SourceVersion "1"]
[SourceVersionDate "2011.11.24"]
[SourceQuality "1"]
[WhiteTeam "Sajoszentpeter"]
[BlackTeam "Piremon"]
[WhiteTeamCountry "HUN"]
[BlackTeamCountry "HUN"]

1. e4 c5 2. Nc3 Nc6 3. g3 g6 4. Bg2 Bg7 5. d3 e6 6. Nge2 Rb8 7. Be3 d6 8. Qd2 Nd4 9. 0-0 Ne7 10. f4 0-0 11. Rae1 b6 12. Nd1 Bb7 13. c3 Nxe2+ 14. Qxe2 Qd7 15. Nf2 Rbe8 16. Qd2 f5 17. Rd1 d5 18. Qc2 Kh8 19. Rfe1 d4 20. Bd2 e5 21. fxe5 Bxe5 22. Bh6 Bg7 23. Bxg7+ Kxg7 24. Nh3 Ng8 25. Nf4 g5 26. Ne2 Nf6 27. cxd4 cxd4 28. Qc4 fxe4 29. dxe4 Bxe4 30. Rxd4 Qb7 31. Bxe4 Rxe4 32. Rf1 Rfe8 33. Nc3 Re1 34. Qb5 Rxf1+ 35. Qxf1 Qe7 36. Qf2 Qe1+ 37. Kg2 Qxf2+ 38. Kxf2 Kg6 39. h3 Kf5 40. g4+ Ke5 41. Ke3 Re7 42. a4 a5 43. Kd3 Rd7 44. Rxd7 Nxd7 45. Ke3 Nf6 46. b3 Nd5+ 47. Nxd5 Kxd5 48. Kd3 Kc5 49. Kc3 b5 50. axb5 Kxb5 51. Kc2 Kb4 1/2-1/2

[Event "HUN-chT2 Barcza 1011"]
[Site "Hungary"]
[Date "2010.10.24"]
[Round "4.5"]
[White "Pozsonyi, Istvan"]
[Black "Kelemen, Gyorgy"]
[Result "0-1"]
[WhiteElo "2029"]
[BlackElo "2078"]
[PlyCount "60"]
[EventDate "2010.09.12"]
[EventType "team-tourn"]
[EventRounds "11"]
[EventCountry "HUN"]
[SourceTitle "EXT 2012"]
[Source "ChessBase"]
[SourceDate "2011.11.24"]
[SourceVersion "1"]
[SourceVersionDate "2011.11.24"]
[SourceQuality "1"]
[WhiteTeam "Piremon"]
[BlackTeam "Mezokovesd"]
[WhiteTeamCountry "HUN"]
[BlackTeamCountry "HUN"]

1. e4 c5 2. Nf3 d6 3. d4 cxd4 4. Nxd4 Nf6 5. Nc3 a6 6. Bg5 e6 7. f4 Be7 8. Qf3 Qc7 9. 0-0-0 Nc6 10. Nb3 b5 11. e5 dxe5 12. fxe5 Nd5 13. Bxe7 Ncxe7 14. Bd3 Bb7 15. Rhf1 0-0 16. Qh3 Ng6 17. Ne4 Qxe5 18. Nec5 Ndf4 19. Qg3 Nxd3+ 20. Qxd3 Qg5+ 21. Kb1 Bd5 22. Nd4 Bxa2+ 23. Kxa2 Qxc5 24. Qe4 Qc4+ 25. b3 Qc7 26. h4 Ne7 27. Rxf7 Rxf7 28. Qxa8+ Rf8 29. Qxa6 e5 30. Qe6+ Kh8 0-1

[Event "HUN-chT2 Barcza 0910"]
[Site "Hungary"]
[Date "2010.05.02"]
[Round "11.5"]
[White "Zilahi, Tamas"]
[Black "Pozsonyi, Istvan"]
[Result "1-0"]
[WhiteElo "1885"]
[BlackElo "2002"]
[PlyCount "87"]
[EventDate "2009.11.08"]
[EventType "team-tourn"]
[EventRounds "11"]
[EventCountry "HUN"]
[SourceTitle "EXT 2011"]
[Source "ChessBase"]
[SourceDate "2010.11.26"]
[SourceVersion "1"]
[SourceVersionDate "2010.11.26"]
[SourceQuality "1"]
[WhiteTeam "Nyiregyhaza"]
[BlackTeam "Piremon"]
[WhiteTeamCountry "HUN"]
[BlackTeamCountry "HUN"]

1. e4 g6 2. d4 Bg7 3. Nc3 d6 4. Be3 a6 5. Bc4 b5 6. Bb3 Bb7 7. a3 Nd7 8. Nge2 Ngf6 9. f3 c5 10. d5 Qc7 11. Qd2 0-0 12. 0-0 Rac8 13. Ng3 h5 14. h4 Ne5 15. Nce2 Nfd7 16. c3 Nb6 17. Bf4 Nbc4 18. Bxc4 Nxc4 19. Qc1 b4 20. Rb1 a5 21. Bh6 Ne5 22. Bxg7 Kxg7 23. c4 bxa3 24. b3 a2 25. Rb2 Kh7 26. Rxa2 Qb6 27. Qc3 Rb8 28. Rxa5 Ba6 29. Rfa1 Bc8 30. Rb5 Qc7 31. Qa5 Qxa5 32. Raxa5 Bd7 33. Rxb8 Rxb8 34. Ra7 Rd8 35. Kf2 Kg7 36. Ke3 Kf6 37. Nf1 e6 38. Nc3 Rb8 39. Nd2 Bc8 40. Nb5 exd5 41. exd5 Rb6 42. Ne4+ Kg7 43. Nexd6 Bd7 44. Ke4 1-0

[Event "HUN-chT2 Barcza 0910"]
[Site "Hungary"]
[Date "2010.04.18"]
[Round "10.4"]
[White "Mate, Balazs"]
[Black "Pozsonyi, Istvan"]
[Result "1-0"]
[WhiteElo "2159"]
[BlackElo "2002"]
[PlyCount "111"]
[EventDate "2009.11.08"]
[EventType "team-tourn"]
[EventRounds "11"]
[EventCountry "HUN"]
[SourceTitle "EXT 2011"]
[Source "ChessBase"]
[SourceDate "2010.11.26"]
[SourceVersion "1"]
[SourceVersionDate "2010.11.26"]
[SourceQuality "1"]
[WhiteTeam "HSSE"]
[BlackTeam "Piremon"]
[WhiteTeamCountry "HUN"]
[BlackTeamCountry "HUN"]

1. d4 Nf6 2. c4 g6 3. Nc3 d5 4. e3 Bg7 5. Nf3 0-0 6. Bd3 c5 7. 0-0 cxd4 8. exd4 Nc6 9. c5 Bg4 10. Be2 Ne4 11. Be3 Nxc3 12. bxc3 b6 13. cxb6 axb6 14. Qb3 Na5 15. Qb4 Qc7 16. Rab1 Rab8 17. Rfc1 Rfc8 18. Ba6 Bxf3 19. gxf3 Rd8 20. c4 Nxc4 21. Bxc4 dxc4 22. Rxc4 Qb7 23. Kg2 Rd5 24. Qxb6 Qxb6 25. Rxb6 Ra8 26. Rb7 Bf6 27. a4 Kg7 28. Rbb4 e6 29. Rc7 h6 30. Rbb7 Rf8 31. Rc4 Ra8 32. f4 h5 33. Kf3 Rad8 34. Rcc7 Rf8 35. Ke4 Bd8 36. Rc5 Rd6 37. Rc4 Bf6 38. a5 Ra6 39. Rc5 Rfa8 40. Rcc7 Rf8 41. Bd2 Bd8 42. Rc5 Kg8 43. Bb4 f5+ 44. Kd3 Bf6 45. Rcb5 Rd8 46. Rb8 Ra8 47. Rxa8 Rxa8 48. Rb6 Bd8 49. Rxe6 Bxa5 50. Bxa5 Rxa5 51. Rxg6+ Kh7 52. Rg5 Ra3+ 53. Kc4 Rh3 54. Rg2 Rf3 55. d5 Rxf4+ 56. Kc5 1-0

[Event "HUN-chT2 Barcza 0910"]
[Site "Hungary"]
[Date "2009.12.20"]
[Round "4.4"]
[White "Pozsonyi, Istvan"]
[Black "Rakos, Adam"]
[Result "1-0"]
[WhiteElo "2002"]
[BlackElo "1994"]
[PlyCount "84"]
[EventDate "2009.11.08"]
[EventType "team-tourn"]
[EventRounds "11"]
[EventCountry "HUN"]
[SourceTitle "EXT 2011"]
[Source "ChessBase"]
[SourceDate "2010.11.26"]
[SourceVersion "1"]
[SourceVersionDate "2010.11.26"]
[SourceQuality "1"]
[WhiteTeam "Piremon"]
[BlackTeam "Kazincbarcika"]
[WhiteTeamCountry "HUN"]
[BlackTeamCountry "HUN"]

1. c4 e5 2. Nc3 c6 3. Nf3 d6 4. g3 Be6 5. d3 Nf6 6. Bg2 Be7 7. 0-0 Qc8 8. Ng5 Bd7 9. Re1 h6 10. Nf3 Bh3 11. Bh1 h5 12. Bg5 Bf5 13. Rc1 Ng8 14. c5 f6 15. cxd6 Bxd6 16. Bd2 Qe6 17. d4 Nd7 18. e4 Bg4 19. d5 cxd5 20. exd5 Qf7 21. Nb5 Qe7 22. Qa4 Kf7 23. Nxd6+ Qxd6 24. Bb4 Qb6 25. d6 a5 26. Ba3 Nh6 27. Rc7 Rhd8 28. Nh4 Be6 29. Rxb7 Qa6 30. Qe4 Kg8 31. Qg6 Bf7 32. Qc2 Rac8 33. Rc7 Rb8 34. Be4 Nf8 35. Ng6 Ne6 36. Ne7+ Kh8 37. Bg6 Nd4 38. Qe4 f5 39. Bxf5 Nhxf5 40. Nxf5 Bg6 41. g4 hxg4 42. Qxg4 Bxf5 1-0

[Event "HUN-chT2 Barcza 0910"]
[Site "Hungary"]
[Date "2009.12.06"]
[Round "3.3"]
[White "Pozsonyi, Istvan"]
[Black "Balogh, Sandor"]
[Result "1/2-1/2"]
[WhiteElo "2002"]
[BlackElo "2193"]
[PlyCount "61"]
[EventDate "2009.11.08"]
[EventType "team-tourn"]
[EventRounds "11"]
[EventCountry "HUN"]
[SourceTitle "EXT 2011"]
[Source "ChessBase"]
[SourceDate "2010.11.26"]
[SourceVersion "1"]
[SourceVersionDate "2010.11.26"]
[SourceQuality "1"]
[WhiteTeam "Piremon"]
[BlackTeam "Debrecen Betu"]
[WhiteTeamCountry "HUN"]
[BlackTeamCountry "HUN"]

1. c4 e6 2. g3 Nf6 3. Bg2 d5 4. Nf3 Be7 5. 0-0 0-0 6. d4 b6 7. Nc3 Bb7 8. cxd5 exd5 9. Bf4 Nbd7 10. Rc1 c6 11. a3 Re8 12. b4 a5 13. Qb3 b5 14. Ne5 Nxe5 15. Bxe5 Nd7 16. Rfd1 Bf8 17. e4 axb4 18. axb4 Nxe5 19. dxe5 d4 20. Ne2 Qe7 21. e6 fxe6 22. Nxd4 Qxb4 23. Qxb4 Bxb4 24. e5 Ba3 25. Rb1 Rab8 26. Nxc6 Bxc6 27. Bxc6 Rf8 28. Rxb5 Rxb5 29. Bxb5 Bc5 30. Rd2 Rf5 31. Re2 1/2-1/2

[Event "HUN-chT2 Barcza 0809"]
[Site "Hungary"]
[Date "2009.03.08"]
[Round "9.4"]
[White "Pozsonyi, Istvan"]
[Black "Nagy, Kalman"]
[Result "1/2-1/2"]
[WhiteElo "2010"]
[BlackElo "2055"]
[PlyCount "64"]
[EventDate "2008.10.26"]
[EventType "team-tourn"]
[EventRounds "11"]
[EventCountry "HUN"]
[SourceTitle "EXT 2010"]
[Source "ChessBase"]
[SourceDate "2010.11.25"]
[SourceVersion "1"]
[SourceVersionDate "2010.11.25"]
[SourceQuality "1"]
[WhiteTeam "Piremon"]
[BlackTeam "SSASSE"]
[WhiteTeamCountry "HUN"]
[BlackTeamCountry "HUN"]

1. c4 g6 2. Nc3 Bg7 3. g3 d6 4. Bg2 Nc6 5. e3 e5 6. Nge2 Nge7 7. 0-0 0-0 8. d3 Bd7 9. h3 Qc8 10. Kh2 Nd8 11. Rb1 Bc6 12. e4 Ne6 13. b4 f5 14. Nd5 Qe8 15. Nxe7+ Qxe7 16. b5 Bd7 17. exf5 Rxf5 18. Bxb7 Raf8 19. Be3 Ng5 20. Ng1 Kh8 21. Bg2 e4 22. Bxg5 Qxg5 23. f4 exf3 24. Nxf3 Qe3 25. Re1 Qc5 26. Re7 Bc8 27. Qe2 Bb7 28. Rf1 h5 29. Re8 Bxf3 30. Rxf8+ Rxf8 31. Rxf3 Rxf3 32. Qxf3 Kh7 1/2-1/2

[Event "HUN-chT2 Barcza 0607"]
[Site "Hungary"]
[Date "2006.11.12"]
[Round "1"]
[White "Kanyadi, Zoltan"]
[Black "Pozsonyi, Istvan"]
[Result "0-1"]
[WhiteElo "2125"]
[BlackElo "2067"]
[PlyCount "76"]
[EventDate "2006.11.12"]
[EventType "team"]
[EventRounds "11"]
[EventCountry "HUN"]
[SourceTitle "EXT 2008"]
[Source "ChessBase"]
[SourceDate "2007.11.25"]
[SourceVersion "1"]
[SourceVersionDate "2007.11.25"]
[SourceQuality "1"]
[WhiteTeam "Lokomotiv"]
[BlackTeam "Piremon"]
[WhiteTeamCountry "HUN"]
[BlackTeamCountry "HUN"]

1. e4 c5 2. Nf3 d6 3. d4 cxd4 4. Nxd4 Nf6 5. Nc3 a6 6. Bc4 e6 7. Bb3 b5 8. 0-0 Be7 9. f4 0-0 10. Be3 b4 11. Na4 Nxe4 12. f5 d5 13. fxe6 fxe6 14. Rxf8+ Bxf8 15. Qf3 Be7 16. Rf1 Bf6 17. Kh1 Bd7 18. Qg4 h5 19. Qxh5 Nc6 20. Bxd5 Nxd4 21. Bxe4 Bxa4 22. Bh7+ Kf8 23. Qc5+ Qe7 24. Bxd4 Bb5 25. Re1 Rd8 26. Qxe7+ Kxe7 27. Bc5+ Kf7 28. Be4 Bxb2 29. Bxb4 Rd4 30. a3 a5 31. Bxa5 Bxa3 32. h3 Bd6 33. Bc3 Ra4 34. g4 Bg3 35. Re3 Bf2 36. Rf3+ Ke7 37. Rxf2 Rxe4 38. Bxg7 Bc6 0-1

[Event "HUN-chT 0506"]
[Site "Hungary"]
[Date "2005.12.04"]
[Round "5"]
[White "Pozsonyi, Istvan"]
[Black "Pataki, Gyozo"]
[Result "0-1"]
[WhiteElo "2099"]
[BlackElo "2374"]
[PlyCount "44"]
[EventDate "2005.10.16"]
[EventType "team"]
[EventRounds "11"]
[EventCountry "HUN"]
[SourceTitle "EXT 2007"]
[Source "ChessBase"]
[SourceDate "2006.11.23"]
[SourceVersion "1"]
[SourceVersionDate "2006.11.23"]
[SourceQuality "1"]

1. b3 d5 2. Bb2 c6 3. e3 Bf5 4. Nf3 Nf6 5. c4 e6 6. Be2 h6 7. 0-0 Nbd7 8. d3 Be7 9. Nbd2 0-0 10. Qc2 Bh7 11. Bc3 Bd6 12. Qb2 Qe7 13. b4 e5 14. a4 Rfe8 15. b5 d4 16. exd4 exd4 17. Nxd4 c5 18. Rfe1 cxd4 19. Bxd4 a6 20. Bc3 axb5 21. axb5 Rxa1 22. Qxa1 Bxd3 0-1